<?xml version="1.0" encoding="UTF-8"?><?xml-stylesheet type="text/xsl" href="static/style.xsl"?><OAI-PMH xmlns="http://www.openarchives.org/OAI/2.0/" xmlns:xsi="http://www.w3.org/2001/XMLSchema-instance" xsi:schemaLocation="http://www.openarchives.org/OAI/2.0/ http://www.openarchives.org/OAI/2.0/OAI-PMH.xsd"><responseDate>2026-04-14T05:08:22Z</responseDate><request verb="GetRecord" identifier="oai:www.recercat.cat:2072/350694" metadataPrefix="marc">https://recercat.cat/oai/request</request><GetRecord><record><header><identifier>oai:recercat.cat:2072/350694</identifier><datestamp>2024-12-20T17:18:00Z</datestamp><setSpec>com_2072_300912</setSpec><setSpec>com_2072_4427</setSpec><setSpec>col_2072_301309</setSpec></header><metadata><record xmlns="http://www.loc.gov/MARC21/slim" xmlns:dcterms="http://purl.org/dc/terms/" xmlns:xsi="http://www.w3.org/2001/XMLSchema-instance" xmlns:doc="http://www.lyncode.com/xoai" xsi:schemaLocation="http://www.loc.gov/MARC21/slim http://www.loc.gov/standards/marcxml/schema/MARC21slim.xsd">
   <leader>00925njm 22002777a 4500</leader>
   <datafield ind2=" " ind1=" " tag="042">
      <subfield code="a">dc</subfield>
   </datafield>
   <datafield ind2=" " ind1=" " tag="720">
      <subfield code="a">Mazzarella, Daniele</subfield>
      <subfield code="e">author</subfield>
   </datafield>
   <datafield ind2=" " ind1=" " tag="720">
      <subfield code="a">Crisenza, Giacomo E. M.</subfield>
      <subfield code="e">author</subfield>
   </datafield>
   <datafield ind2=" " ind1=" " tag="720">
      <subfield code="a">Melchiorre, Paolo</subfield>
      <subfield code="e">author</subfield>
   </datafield>
   <datafield ind2=" " ind1=" " tag="260">
      <subfield code="c">2018-06-22</subfield>
   </datafield>
   <datafield ind2=" " ind1=" " tag="520">
      <subfield code="a">Reported herein is a visible-light-mediated organocatalytic direct C−H functionalization of toluene derivatives to afford enantioenriched β-benzylated alde- hydes from the corresponding enals. The process combines the oxidative power of a chiral excited-state iminium ion and the basic nature of its counteranion to trigger the generation of benzylic radicals by means of a sequential multisite proton-coupled electron transfer mechanism. This study shows that feedstock chemicals generally used as solvents, such as toluene and xylene derivatives, can be used as substrates for making chiral molecules with high enantioselectivity.</subfield>
   </datafield>
   <datafield ind1="8" ind2=" " tag="024">
      <subfield code="a">http://hdl.handle.net/2072/350694</subfield>
   </datafield>
   <datafield ind1="8" ind2=" " tag="024">
      <subfield code="a">https://doi.org/10.1021/jacs.8b05240</subfield>
   </datafield>
   <datafield ind2="0" ind1="0" tag="245">
      <subfield code="a">Asymmetric Photocatalytic C−H Functionalization of Toluene and Derivatives</subfield>
   </datafield>
</record></metadata></record></GetRecord></OAI-PMH>